00420nam a2200169 a 4500001001300000003000900013005001700022008004100039020000900080082001300089100001800102245003200120260003400152300000900186500003500195650002000230nice12345678IN_TiNIC20260116011310.0070405s0000 lona grp 000 0 eng  ac5000a201bAUG aAugustine, St aConfessions of St.Augustine aLondonbBlackie and Sonc0000 a314p aincludes index and biblioraphy aSaint Augustine